| 000 | 01293cam a2200313 a 4500 | ||
|---|---|---|---|
| 999 |
_c26404 _d26404 |
||
| 001 | 3750122 | ||
| 005 | 20170204104854.0 | ||
| 008 | 820506s1982 nyua 000 0 eng | ||
| 010 | _a 82004580 | ||
| 020 | _a0486243494 | ||
| 041 | 1 | _aengdutita | |
| 050 | 0 | 0 | _aNA2515 .S513 1982 |
| 100 | 1 |
_aSerlio, Sebastiano, _d1475-1554. |
|
| 240 | 1 | 0 |
_aTutte l'opere d'architettura. _nLibro 1-5. _lEnglish |
| 245 | 1 | 4 |
_aThe five books of architecture : _ban unabridged reprint of the English edition of 1611 / _cSebastiano Serlio. |
| 250 | _aDover ed. | ||
| 260 |
_aNew York : _bDover Publications, _c1982. |
||
| 300 |
_a[190] p. in various pagings : _bill. ; _c31 cm. |
||
| 500 | _aTranslation of: Tutte l'opere d'architettura. | ||
| 500 | _aTranslated from Italian into Dutch, from Dutch into English. | ||
| 500 | _aOriginally published: The first [-fift] booke of architecture. London : Printed for R. Peake, 1611. | ||
| 650 | 0 |
_aArchitecture _xEarly works to 1800. |
|
| 856 | 4 | 2 |
_3Publisher description _uhttp://www.loc.gov/catdir/description/dover033/82004580.html |
| 942 |
_2lcc _cBOOKS |
||